Southville International School and Colleges
Your cart is empty.
  • Cart
  • Lists
    Public lists Eva Luna New books Lux_list list_1
    Your lists Log in to create your own lists
  • Log in to your account
  • Your cookies
  • Search history
Southville International School and Colleges
  • Advanced search
  • Recent comments
  • Most popular
  • Libraries

Log in to your account

Log in with GOOGLE


If you do not have an external account, but do have a local account, you can still log in:

  1. Home
  2. MARC view: Human body / :
Normal view MARC view ISBD view

Human body / : (Record no. 112223)

[ view plain ]
MARC details
000 -LEADER
fixed length control field 00566nam a2200217 a 4500
001 - CONTROL NUMBER
control field 3835
005 - DATE AND TIME OF LATEST TRANSACTION
control field 20140414131931.0
008 - FIXED-LENGTH DATA ELEMENTS--GENERAL INFORMATION
fixed length control field 040107s19uu xx 00 eng d
020 ## - INTERNATIONAL STANDARD BOOK NUMBER
International Standard Book Number 1-902947-30-4
050 ## - LIBRARY OF CONGRESS CALL NUMBER
Classification number REF 612
Item number F37 2000
100 ## - MAIN ENTRY--PERSONAL NAME
Personal name Farndon, John
245 ## - TITLE STATEMENT
Title Human body / :
Statement of responsibility, etc John Farndon.
Remainder of title 1000 things you should know about /
260 ## - PUBLICATION, DISTRIBUTION, ETC. (IMPRINT)
Name of publisher, distributor, etc Miles Kelly,
Date of publication, distribution, etc 2000.
300 ## - PHYSICAL DESCRIPTION
Extent 61 p. ; cm.
440 ## - SERIES STATEMENT/ADDED ENTRY--TITLE
Title
500 ## - GENERAL NOTE
General note Includes index.
650 ## - SUBJECT ADDED ENTRY--TOPICAL TERM
Topical term or geographic name as entry element Human physiology.
General subdivision
650 ## - SUBJECT ADDED ENTRY--TOPICAL TERM
Topical term or geographic name as entry element Human anatomy.
650 ## - SUBJECT ADDED ENTRY--TOPICAL TERM
Topical term or geographic name as entry element Human body.
Holdings
Withdrawn status Lost status Damaged status Home library Current library Shelving location Date acquired Source of acquisition Total Checkouts Full call number Barcode Date last seen Price effective from Koha item type
      Munich Library Munich Library Reference Section 01/07/2004     REF 612 F37 2000 M3436 04/14/2014 04/14/2014 Books

Human body / :

APA

Farndon J., . (2000). Human body. : Miles Kelly.

Chicago

Farndon John, . 2000. Human body. : Miles Kelly.

Harvard

Farndon J., . (2000). Human body. : Miles Kelly.

MLA

Farndon John, . Human body. : Miles Kelly. 2000.

  • Place hold
  • Print
  • Cite
  • Add to your cart (remove)
  • Save record
    BIBTEX Dublin Core MARCXML MARC (non-Unicode/MARC-8) MARC (Unicode/UTF-8) MARC (Unicode/UTF-8, Standard) MODS (XML) RIS
  • More searches
    Search for this title in:
    Other Libraries (WorldCat) Other Databases (Google Scholar) Online Stores (Bookfinder.com) Open Library (openlibrary.org)

Exporting to Dublin Core...

SOUTHVILLE LIBRARY

Southville International School and Colleges Library

1281 Tropical Ave. Cor. Luxembourg St., BF Homes International, Las Pinas City

Tel. No. 8256374 / 252358 Loc. 117/146

Powered by Koha